LEADER 00965nam a2200241 i 4500 001 000000157360 003 CaOOAMICUS 005 20070108000000.0 008 070108s1979 it u000 u ita u 013 $a134716 040 $aSeMil$bita 245 12$aL'opera completa di Constable /$cIntrodotta e coordinata da Robert Hoozee. 260 $aMilano :$bRizzoli,$c1979. 300 $a160 p. :$bill. ;$c32 cm. 490 0 $aClassici dell'arte ;$v98 500 $aContiene : Bibliografia essenziale. 600 14$aConstable, John <1776-1837>.$0(OLS)http://semarc/subject/28135 700 1 $aHoozee, Robert.$0(OLS)http://semarc/name/61429 830 0$aClassici dell'arte ;$v98.$0(OLS)http://semarc/title/529 850 $aSeMil 852 $aSeMil$W1$xVenegono$y1$m5M XI 30$j109046$B109046$CSeMilBibl$Z2$F118561 $81 996 $6245$aL'opera completa di Constable$9(OLS)http://semarc/title/230743 996 $6260$aMilano :$bRizzoli$9(OLS)http://semarc/publisher/29824 LEADER 01284nam a2200265 i 4500 001 000000120669 003 CaOOAMICUS 005 20031126000000.0 008 031126s1995 it u000 u ita u 013 $a93363 020 $a88-215-3010-8 040 $aSeMil$bita 100 1 $aBello, Antonio,$c.$0(OLS)http://semarc/name/4578 245 10$aCirenei della gioia :$besercizi spirituali predicati a Lourdes sul tema : «Sacerdoti per il mondo e per la Chiesa» /$cdon Tonino Bello. 260 $aCinisello Balsamo :$bSan Paolo,$ccopyr. 1995. 300 $a139 p. ;$c21 cm. 490 0 $aVita quotidiana, vita cristiana ;$v13 650 4$aSacerdozio - Spiritualità.$0(OLS)http://semarc/subject/2395 830 0$aVita quotidiana, vita cristiana ;$v13.$0(OLS)http://semarc/title/13486 850 $aSeMil 852 $aSeMil$W1$xVenegono$y1$m2F IV 412$j266791$B75816$CSeMilBibl$Z2$F77361 $81 961 $aRecupero: Seminario di Seveso 996 $6020$a88-215-3010-8$9(OLS)http://semarc/number/105951 996 $6245$aCirenei della gioia :$besercizi spirituali predicati a Lourdes sul tema : «Sacerdoti per il mondo e per la Chiesa»$9(OLS)http://semarc/title/177583 996 $6260$aCinisello Balsamo :$bSan Paolo$9(OLS)http://semarc/publisher/30129